Normal view
MARC view
- وهبة، وسيم حسن
Entry Personal Name
001 - CONTROL NUMBER
- control field: 34257
003 - CONTROL NUMBER IDENTIFIER
- control field: JO-AjAnu
005 - DATE AND TIME OF LATEST TRANSACTION
- control field: 20230606075735.0
008 - FIXED-LENGTH DATA ELEMENTS
- fixed length control field: 230606|| aca||aabn | a|a d
040 ## - CATALOGING SOURCE
- Original cataloging agency: JO-AjAnu
- Transcribing agency: JO-AjAnu
100 ## - HEADING--PERSONAL NAME
- Personal name: وهبة، وسيم حسن
670 ## - SOURCE DATA FOUND
- Source citation: Work cat.: (JO-AjAnu)17593: وهبة، وسيم حسن, author, أصول المحاكمات الجزائية